000
00315nam a22001337a 4500
008
180223b xxu||||| |||| 00| 0 eng d
020
_a
0837935091
041
_a
eng
080
_2
8 ed
_a
34
100
_a
14
101
_a
jur
245
_a
whos who in american law 1994 1995
_c
hazed.c.c
942
_2
udc
_c
BK
999
_c
43244
_d
43244